000 00618cam a2200205 i 4500
001 49239
005 20230404125950.0
008 071107b2004 bl a 000 0 eng
040 _aDRFGD
_beng
041 0 _aeng
050 1 4 _a103 F 2651
_bA282a 2004.
100 1 _aAguiar Nunes, Ronaldo.
245 1 0 _aAmazonas guide :
_bthe complete guide to travel in the brazilian amazon /
_cRonaldo Aguiar Nunes.
260 _aManaus :
_bFundacao Des.Paulo Feitoza,
_c2004
300 _a393 p.
651 0 _aManaus (Brazil)
_vGuidebooks.
651 0 _aManaus Region (Brazil)
_vGuidebooks.
942 _2lcc
_cbk
946 _amjcruz
999 _c8233
_d8233